00466nam a22001577a 450000500170000000800410001702000160005804100130007408200120008710000230009924500640012225000200018626000470020630000300025365000250028320231123103145.0231123b |||||||| |||| 00| 0 eng d a040901348 X aEnglish  a342 BUR aBurns, YlEnglish  aAdministrative Law Under the 1996 Constitution / cY Burns  aSecond Edition  aDurban : bLexisNexis Butterworths, c2003 bxvi, 376 pages ;c25 cm.  aLegal practice bLaw